| 000 | 00736nam a2200181Ia 4500 | ||
|---|---|---|---|
| 999 |
_c48581 _d48581 |
||
| 001 | 15480 | ||
| 003 | GE_BSU | ||
| 005 | 20241203172849.0 | ||
| 008 | 181216s1956||||ru |||||||||||||| ||rus|| | ||
| 040 | _cGE_BSU | ||
| 041 | _ageo | ||
| 080 | _a61(035) С-74 | ||
| 245 |
_aСправочник практического врача в 2-х томах : _cПод общ. ред. ; П. И.Егорова, А. А. Бусалова, В. А. Кракова и др. ; Сост. Алексеев Г. А. ; Алексеев Н. Г. ; Ариевич А. М. |
||
| 264 |
_aМосква : _bМедгиз, _c1956. |
||
| 300 |
_a1071 стр. ; _c21 см. |
||
| 653 | _aСправочник практического врача | ||
| 942 |
_cBK _2udc |
||